TB. OF RADIOLOGY ABDOMEN AND PELVIS (Record no. 25435)

MARC details
000 -LEADER
fixed length control field 00399nam a22001697a 4500
003 - CONTROL NUMBER IDENTIFIER
control field SGT
020 ## - INTERNATIONAL STANDARD BOOK NUMBER
International Standard Book Number 9789386322654
082 ## - DEWEY DECIMAL CLASSIFICATION NUMBER
Classification number 616.0757
Item number R17S
100 ## - MAIN ENTRY--PERSONAL NAME
Personal name SINGH, HARIQBAL
245 ## - TITLE STATEMENT
Title TB. OF RADIOLOGY ABDOMEN AND PELVIS
250 ## - EDITION STATEMENT
Edition statement 1ST
260 ## - PUBLICATION, DISTRIBUTION, ETC. (IMPRINT)
Place of publication, distribution, etc INDIA
Name of publisher, distributor, etc JAYPEE PUB
Year of Publication 2017
300 ## - PAGE DESCRIPTION
No. of Pages 278
650 ## - SUBJECT ADDED ENTRY--TOPICAL TERM
Topical term or geographic name as entry element RADIOLOGY
653 ## - KEYWORDS--INDEX TERM
Keyword term RADIOLOGY ABDOMEN AND PELVIS
942 ## - ADDED ENTRY ELEMENTS (KOHA)
Source of classification or shelving scheme Dewey Decimal Classification
Koha item type Books
942 ## - ADDED ENTRY ELEMENTS (KOHA)
-- 3
Holdings
Withdrawn status Lost status Source of classification or shelving scheme Damaged status Not for loan Collection code Home library Current library Shelving location Date acquired Vendor Name Cost, normal purchase price SGTU Bill Number Full call number Accession No. (Barcode) Date last seen Bill Date Koha item type Total Checkouts Date last borrowed
    Dewey Decimal Classification   Not For Loan MEDICAL SGT Medical Library SGT Medical Library Text Book 22/12/2023 ABC DELHI 1750.00 SGTU 17259 616.0757 R17S FM14297 22/12/2023 18/08/2023 Books    
    Dewey Decimal Classification     MEDICAL SGT Medical Library SGT Medical Library Text Book 22/12/2023 ABC DELHI 1750.00 SGTU 17259 616.0757 R17S FM14298 02/04/2024 18/08/2023 Books 3 14/03/2024